000 00671nam a2200229 a 4500
005 20140310183538.0
008 110818s19uu xx 00 eng d
020 _a978007131124
050 _aPN 4129.15
_b.N46 2010
100 _aNelson, Paul
245 _aiSpeak :
_bPublic speaking for contemporary life /
_cPaul Nelson; Scott Titsworth; Judy Pearson.
250 _a2009 ed.
260 _aNew York :
_bMcGraw Hill,
_c2010.
300 _a287 p. :
_bill. col. ;
_c26 cm.
650 _aPublic speaking
650 _aSpeech communication
700 _aTitsworth, Scott
700 _aPearson, Judy
942 _cBK
_2lcc
_kFOR
999 _c24755
_d24755